Dopad ekonomických sankcií na ekonomiku Ruska bakalárska práca

Gespeichert in:
Bibliographische Detailangaben
1. Verfasser: Ondriška, Ján
Körperschaft: Fakulta podnikového manažmentu EU. Katedra podnikových financií
Weitere Verfasser: Bikár, Miloš, 1973-
Format: Buch
Sprache:Slowakisch
Veröffentlicht: Bratislava 2018
Tags: Tag hinzufügen
Keine Tags, Fügen Sie das erste Tag hinzu!

MARC

LEADER 00000nbm a2200000 4500
001 0244960
005 20180927103508.6
041 0 |a slo 
044 |a SK 
245 1 0 |a Dopad ekonomických sankcií na ekonomiku Ruska  |b bakalárska práca  |c Ján Ondriška ; školiteľ: Miloš Bikár 
264 1 |a Bratislava  |c 2018 
300 |a 70 s. 
100 1 |a Ondriška, Ján 
700 1 |a Bikár, Miloš, 1973- 
710 2 |a Fakulta podnikového manažmentu EU. Katedra podnikových financií